All bones of the human skull (side view) - Statistics

General Stats
  • This quiz has been taken 1,910 times
  • The average score is 7 of 11
Answers on the Map
Answers color-coded by a green-red scale on the quiz's map according to % correct below.
 
Answer Stats
Bone % Correct
Mandible
89%
Frontal
82%
Maxilla
80%
Occipital
72%
Nasal
69%
Temporal
69%
Parietal
63%
Zygomatic
59%
Sphenoid
48%
Ethmoid
41%
Lacrimal
38%
No matching quizzes found
Score Distribution
Percent of People with Each Score
Percentile by Number Answered
Your Score History
You have not taken this quiz